| 000 | 00823nam a22001817a 4500 | ||
|---|---|---|---|
| 003 | UA-OsUOA | ||
| 001 | 14505 | ||
| 007 | ta | ||
| 008 | 20031006b un ||||| |||| 00| 0 ukr d | ||
| 100 | _aГончарук І. | ||
| 942 | _cSA | ||
| 040 |
_aUA-OsUOA _cUA-OsUOA _dUA-OsUOA |
||
| 245 |
_aПопередження, а не розкриття злочинів є основним завданням правоохоронців _b[На ризширеній колегії УМВС України підбиті підсумки оперативної діяльн. працівників міліції Рівнен. обл. за перше півріччя 2003 р.] |
||
| 300 | _aС.10 | ||
| 955 | _a0 | ||
| 773 | 0 |
_w0 _tСім днів _dРівне _d2003 _g№30/ 25 лип./ |
|
| 650 | 7 |
_aКраєзнавча робота _2UDC |
|
| 999 |
_c300666 _d300666 |
||